Hội thảo chuyên đề: Một số giải pháp phát triển rau quả theo hướng công nghệ cao tại Đồng bằng sông Cửu Long
Nội dung tài liệu là tập hợp 43 bài báo cáo, tham luận về ứng dụng công nghệ cao trong xử lý , sản xuất rau quả vùng ĐBSCL...
Sparad:
| Institutionella upphovsmän: | , |
|---|---|
| Materialtyp: | Bok |
| Språk: | Undetermined |
| Publicerad: |
Tiền Giang
2014
|
| Ämnen: | |
| Taggar: |
Lägg till en tagg
Inga taggar, Lägg till första taggen!
|
| Thư viện lưu trữ: | Trung tâm Học liệu Trường Đại học Cần Thơ |
|---|
| LEADER | 00980nam a2200217Ia 4500 | ||
|---|---|---|---|
| 001 | CTU_208069 | ||
| 008 | 210402s9999 xx 000 0 und d | ||
| 082 | |a 634 | ||
| 082 | |b H452 | ||
| 110 | |a Bộ Nông nghiệp và PTNT | ||
| 110 | |b Trung tâm Khuyến nông Quốc gia | ||
| 245 | 0 | |a Hội thảo chuyên đề: Một số giải pháp phát triển rau quả theo hướng công nghệ cao tại Đồng bằng sông Cửu Long | |
| 245 | 0 | |c Ban biên tập: Mai Thành Phụng ... [et al.] | |
| 260 | |a Tiền Giang | ||
| 260 | |c 2014 | ||
| 520 | |a Nội dung tài liệu là tập hợp 43 bài báo cáo, tham luận về ứng dụng công nghệ cao trong xử lý , sản xuất rau quả vùng ĐBSCL... | ||
| 650 | |a Fruit-tree,Cây ăn quả | ||
| 650 | |x Planting | ||
| 650 | |z Vietnam,Việt Nam | ||
| 904 | |i Bằng | ||
| 980 | |a Trung tâm Học liệu Trường Đại học Cần Thơ | ||